| 000 | 01215nam a2200229Ia 4500 | ||
|---|---|---|---|
| 001 | L250-17008 | ||
| 003 | IT-CnALBA | ||
| 008 | 170116s9999||||xx |||||||||||||| ||und|| | ||
| 040 |
_aIT-CnALBA _cIT-CnALBA |
||
| 041 | _aLATINO | ||
| 100 | _aSENZA AUTORE | ||
| 245 | 0 | _aENCHIRIDION INDULGENTIARUM. PRECES ET PIA OPERA. | |
| 250 | _a1a ed. | ||
| 260 |
_a ROMAE. _bTYPIS POLIGLOTTIS VATICANIS. _c1950 [1° Ed.:1950 - Ed.Ling.Originale: 1950] |
||
| 300 | _a679 p. | ||
| 500 | _aDIO UNO E TRINO. PADRE. FIGLIO. NOME DI GESÙ. GESÙ BAMBINO. EUCARISTICO. CROCIFISSO. SANGUE DI GESÙ. SACRO CUORE. CRISTO RE. S. FAMIGLIA. SPIRITO SANTO. MARIA VERGINE. ADDOLORATA. CUORE DI MARIA. ROSARIO. CARMELO. S. MICHELE. SANTI APOSTOLI. SAN GIUSEPPE. | ||
| 501 | _aSocietà San Paolo EM - Piazza San Paolo, 14 - 12051 ALBA (CN) (non commercial uses only) ® Copyright 2017 | ||
| 520 | _aDIO UNO E TRINO. PADRE. FIGLIO. NOME DI GESÙ. GESÙ BAMBINO. EUCARISTICO. CROCIFISSO. SANGUE DI GESÙ. SACRO CUORE. CRISTO RE. S. FAMIGLIA. SPIRITO SANTO. MARIA VERGINE. ADDOLORATA. CUORE DI MARIA. ROSARIO. CARMELO. S. MICHELE. SANTI APOSTOLI. SAN GIUSEPPE. | ||
| 650 | _aTEOLOGIA PASTORALE | ||
| 942 | _cBK | ||
| 957 | _71 | ||
| 999 |
_a21753 _bNO _g Copie: 1 _c276164 _d276164 |
||